000 00684nam a22001937a 4500
999 _c166835
_d166835
005 20190809130659.0
010 _aUR-10363
020 _c150.00
_a-
035 _aU-8918
037 _bDBAD/PUB
082 _a844
100 _aعبد الو حيد و ا حد
245 _aنير نگ فکر و خیا لا ت (مجمو عہ مضا مين )
_cعبد الو حيد و ا حد
246 _bNayarang -e-Fikr o-Khialat (Urdu)
_aby Abdul Wahid Wahid
260 _aMadhya Pradesh
_bAbdul Wahid Wahid
_c2018 ء
270 _aRisala Masjid Road Nimch Cantt
_bCantt
_e458441
_k07503295449
_l-
300 _a144 ص
_c22 Cm(Hb)
942 _2ddc
_cUR
_h844
_mو ا ح